Метод и аппаратура повышения надежности контроля границ разделов фаз в резервуарах подготовки нефти: диссертация на соискание ученой степени кандидата технических наук; спец. 05.11.13

Bibliografiske detaljer
Hovedforfatter: Казаков Ю. Г. Юрий Георгиевич
Institution som forfatter: Томский политехнический институт (ТПИ)
Andre forfattere: Епифанцев Б. Н. (научный руководитель), Чепрасов А. И.
Sprog:russisk
Udgivet: Томск, [Б. и.], 1989
Fag:
Format: Bog
KOHA link:https://koha.lib.tpu.ru/cgi-bin/koha/opac-detail.pl?biblionumber=225946

MARC

LEADER 00000nbm0a2200000 4500
001 225946
005 20231101230709.0
035 |a (RuTPU)RU\TPU\book\246310 
090 |a 225946 
100 |a 20121116d1989 k y0rusy50 ca 
101 0 |a rus 
102 |a RU 
105 |a a m 001zy 
200 1 |a Метод и аппаратура повышения надежности контроля границ разделов фаз в резервуарах подготовки нефти  |e диссертация на соискание ученой степени кандидата технических наук  |e спец. 05.11.13  |f Ю. Г. Казаков  |g Томский политехнический институт (ТПИ) ; науч. рук. Б. Н. Епифанцев, А. И. Чепрасов 
210 |a Томск  |c [Б. и.]  |d 1989 
215 |a 134 л.  |c ил. 
320 |a Библиогр.: с. 113-122 (103 назв.). 
606 1 |a Нефть  |x Подготовка к переработке  |2 stltpush  |3 (RuTPU)RU\TPU\subj\33827 
606 1 |a Пересчетные приборы  |x (точная механика)  |2 stltpush  |3 (RuTPU)RU\TPU\subj\68738  |9 83904 
610 1 |a резервуары 
610 1 |a внешние поверхности 
610 1 |a температурное поле 
610 1 |a раздел фаз 
610 1 |a контроль 
610 1 |a надежность 
610 1 |a аппаратура 
610 1 |a диссертации 
675 |a 665.62(04)  |v 3 
675 |a 681.12(04)  |v 3 
686 |a 05.11.13  |2 oksvnk 
700 1 |a Казаков  |b Ю. Г.  |g Юрий Георгиевич 
702 1 |a Епифанцев  |b Б. Н.  |4 727 
702 1 |a Чепрасов  |b А. И.  |4 727 
712 0 2 |a Томский политехнический институт (ТПИ)  |c (1944-1991)  |2 stltpush  |3 (RuTPU)RU\TPU\col\1123 
801 1 |a RU  |b 63413507  |c 20121116 
801 2 |a RU  |b 63413507  |c 20121119  |g RCR 
942 |c BK